{"text_format":"3","workbook":"xlsx","n_sheets":1,"sheets":["Worksheet"],"read":"whole","date_system":"1900"}

{"sheet":"Worksheet","index":0,"n_rows":39,"n_cols":19,"rows_kept":39}
["№","Код участника","Название ОУ","СНИЛС","Фамилия","Имя","Отчество","Пол","Дата рождения","Участник с ОВЗ","Класс","Класс участия","Балл","Макс. балл","Статус","Призер МЭ прошлого года","Учитель","Место работы учителя","Предмет"]
[491315,"401016_15860933293_35","МБОУ \"СОШ №16\" НМР РТ",15860933293,"Галактионава","Регина","Юрьевна",2,"Ж","нет",9,9,43,100,null,null,"Шубников Юрий Владимирович","МБОУ \"СОШ №16\" НМР РТ","Физическая культура"]
[491316,"401016_15003231487_35","МБОУ \"СОШ №16\" НМР РТ",15003231487,"Белодуров","Никита","Васильевич",0,"М","нет",9,9,81,100,null,null,"Шубников Юрий Владимирович","МБОУ \"СОШ №16\" НМР РТ","Физическая культура"]
[491317,"401016_16236487072_35","МБОУ \"СОШ №16\" НМР РТ",16236487072,"Иванов","Никита","Артёмович",1,"М","нет",9,9,38,100,null,null,"Шубников Юрий Владимирович","МБОУ \"СОШ №16\" НМР РТ","Физическая культура"]
[491318,"401016_15118365849_35","МБОУ \"СОШ №16\" НМР РТ",15118365849,"Кудрявцев","Михаил","Артёмович",3,"М","нет",9,9,23,100,null,null,"Шубников Юрий Владимирович","МБОУ \"СОШ №16\" НМР РТ","Физическая культура"]
[491319,"401016_16004290516_35","МБОУ \"СОШ №16\" НМР РТ",16004290516,"Ижутова","Аделя","Сергеевна",0,"Ж","нет",9,9,39,100,null,null,"Шубников Юрий Владимирович","МБОУ \"СОШ №16\" НМР РТ","Физическая культура"]
[491320,"401016_15072271738_35","МБОУ \"СОШ №16\" НМР РТ",15072271738,"Сидорова","Яна","Александровна",2,"Ж","нет",9,9,46,100,null,null,"Шубников Юрий Владимирович","МБОУ \"СОШ №16\" НМР РТ","Физическая культура"]
[491321,"401016_18842043585_35","МБОУ \"СОШ №16\" НМР РТ",18842043585,"Фертих","Елена","Олеговна",0,"Ж","нет",9,9,47,100,null,null,"Шубников Юрий Владимирович","МБОУ \"СОШ №16\" НМР РТ","Физическая культура"]
[491322,"401016_15779149219_35","МБОУ \"СОШ №16\" НМР РТ",15779149219,"Ципуштанова","Данила","Сергеевич",0,"М","нет",9,9,43,100,null,null,"Шубников Юрий Владимирович","МБОУ \"СОШ №16\" НМР РТ","Физическая культура"]
[491323,"401016_14703077039_35","МБОУ \"СОШ №16\" НМР РТ",14703077039,"Севостьянова","Милена","Владимировна",1,"Ж","нет",10,10,46,100,null,null,"Шубников Юрий Владимирович","МБОУ \"СОШ №16\" НМР РТ","Физическая культура"]
[491324,"401016_15818020460_35","МБОУ \"СОШ №16\" НМР РТ",15818020460,"Фёдорова","Милена","Владиславовна",2,"Ж","нет",10,10,46,100,null,null,"Шубников Юрий Владимирович","МБОУ \"СОШ №16\" НМР РТ","Физическая культура"]
[491325,"401016_15776636518_35","МБОУ \"СОШ №16\" НМР РТ",15776636518,"Титова","Ангелина","Вадимовна",2,"Ж","нет",10,10,44,100,null,null,"Шубников Юрий Владимирович","МБОУ \"СОШ №16\" НМР РТ","Физическая культура"]
[491326,"401016_14893964329_35","МБОУ \"СОШ №16\" НМР РТ",14893964329,"Асулбаев","Артём","Дмитриевич",0,"М","нет",10,10,43,100,null,null,"Шубников Юрий Владимирович","МБОУ \"СОШ №16\" НМР РТ","Физическая культура"]
[491327,"401016_16004288933_35","МБОУ \"СОШ №16\" НМР РТ",16004288933,"Баров","Кирилл","Андреевич",2,"М","нет",10,10,48,100,null,null,"Шубников Юрий Владимирович","МБОУ \"СОШ №16\" НМР РТ","Физическая культура"]
[491328,"401016_15776625210_35","МБОУ \"СОШ №16\" НМР РТ",15776625210,"Акрамов","Софроний","Шухратжонович",0,"М","нет",10,10,82,100,null,null,"Шубников Юрий Владимирович","МБОУ \"СОШ №16\" НМР РТ","Физическая культура"]
[491329,"401016_18842654917_35","МБОУ \"СОШ №16\" НМР РТ",18842654917,"Хакимбоев","Руслан","Зарифович",0,"М","нет",10,10,67,100,null,null,"Шубников Юрий Владимирович","МБОУ \"СОШ №16\" НМР РТ","Физическая культура"]
[491330,"401016_16228386878_35","МБОУ \"СОШ №16\" НМР РТ",16228386878,"Эквист","Платон","Игоревич",0,"М","нет",10,10,38,100,null,null,"Шубников Юрий Владимирович","МБОУ \"СОШ №16\" НМР РТ","Физическая культура"]
[491331,"401016_15648606595_35","МБОУ \"СОШ №16\" НМР РТ",15648606595,"Потапов","Артур","Ильшатович",2,"М","нет",10,10,42,100,null,null,"Шубников Юрий Владимирович","МБОУ \"СОШ №16\" НМР РТ","Физическая культура"]
[491332,"401016_15776628014_35","МБОУ \"СОШ №16\" НМР РТ",15776628014,"Марченко","София","Викторовна",1,"Ж","нет",10,10,67,100,null,null,"Шубников Юрий Владимирович","МБОУ \"СОШ №16\" НМР РТ","Физическая культура"]
[491333,"401016_16315957477_35","МБОУ \"СОШ №16\" НМР РТ",16315957477,"Нестерова","Милана","Максимовна",2,"Ж","нет",10,10,82,100,null,null,"Шубников Юрий Владимирович","МБОУ \"СОШ №16\" НМР РТ","Физическая культура"]
[491334,"401016_15644018255_35","МБОУ \"СОШ №16\" НМР РТ",15644018255,"Гусев","Роман","Алексеевич",0,"М","нет",8,8,43,100,null,null,"Шубников Юрий Владимирович","МБОУ \"СОШ №16\" НМР РТ","Физическая культура"]
[491335,"401016_16117694366_35","МБОУ \"СОШ №16\" НМР РТ",16117694366,"Поморцева","Полина","Петровна",1,"Ж","нет",8,8,38,100,null,null,"Шубников Юрий Владимирович","МБОУ \"СОШ №16\" НМР РТ","Физическая культура"]
[491336,"401016_15428229464_35","МБОУ \"СОШ №16\" НМР РТ",15428229464,"Самигулов","Камиль","Радикович",0,"М","нет",8,8,41,100,null,null,"Шубников Юрий Владимирович","МБОУ \"СОШ №16\" НМР РТ","Физическая культура"]
[491337,"401016_18002137009_35","МБОУ \"СОШ №16\" НМР РТ",18002137009,"Гайнанов","Ислам","Ришатович",0,"М","нет",8,8,45,100,null,null,"Шубников Юрий Владимирович","МБОУ \"СОШ №16\" НМР РТ","Физическая культура"]
[491338,"401016_16893876340_35","МБОУ \"СОШ №16\" НМР РТ",16893876340,"Саликова","Софья","Дмитриевна",0,"Ж","нет",8,8,43,100,null,null,"Шубников Юрий Владимирович","МБОУ \"СОШ №16\" НМР РТ","Физическая культура"]
[491339,"401016_16899554356_35","МБОУ \"СОШ №16\" НМР РТ",16899554356,"Солодянкин","Павел","Артемьевич",1,"М","нет",8,8,36,100,null,null,"Шубников Юрий Владимирович","МБОУ \"СОШ №16\" НМР РТ","Физическая культура"]
[491340,"401016_15636220860_35","МБОУ \"СОШ №16\" НМР РТ",15636220860,"Жилкина","Элина","Евгеньевна",1,"Ж","нет",8,8,39,100,null,null,"Шубников Юрий Владимирович","МБОУ \"СОШ №16\" НМР РТ","Физическая культура"]
[491341,"401016_15760408166_35","МБОУ \"СОШ №16\" НМР РТ",15760408166,"Тарасов","Дмитрий","Андреевич",1,"М","нет",8,8,44,100,null,null,"Шубников Юрий Владимирович","МБОУ \"СОШ №16\" НМР РТ","Физическая культура"]
[491342,"401016_15412272833_35","МБОУ \"СОШ №16\" НМР РТ",15412272833,"Солдаков","Вадим","Александрович",1,"М","нет",8,8,43,100,null,null,"Шубников Юрий Владимирович","МБОУ \"СОШ №16\" НМР РТ","Физическая культура"]
[491343,"401016_16691306788_35","МБОУ \"СОШ №16\" НМР РТ",16691306788,"Маклаков","Всеволод","Владимирович",1,"М","нет",7,7,84,100,null,null,"Шубников Юрий Владимирович","МБОУ \"СОШ №16\" НМР РТ","Физическая культура"]
[491344,"401016_17152039139_35","МБОУ \"СОШ №16\" НМР РТ",17152039139,"Евстифеев","Андрей","Викторович",0,"М","нет",7,7,45,100,null,null,"Шубников Юрий Владимирович","МБОУ \"СОШ №16\" НМР РТ","Физическая культура"]
[491345,"401016_16094038156_35","МБОУ \"СОШ №16\" НМР РТ",16094038156,"Котов","Денис","Алексеевич",1,"М","нет",7,7,69,100,null,null,"Садриев Булат Ринатович","МБОУ \"СОШ №16\" НМР РТ","Физическая культура"]
[491346,"401016_16063154034_35","МБОУ \"СОШ №16\" НМР РТ",16063154034,"Миронова","Арина","Андреевна",0,"Ж","нет",7,7,67,100,null,null,"Шубников Юрий Владимирович","МБОУ \"СОШ №16\" НМР РТ","Физическая культура"]
[491347,"401016_16332352541_35","МБОУ \"СОШ №16\" НМР РТ",16332352541,"Демьянова","Анастасия","Николаевна",3,"Ж","нет",7,7,43,100,null,null,"Шубников Юрий Владимирович","МБОУ \"СОШ №16\" НМР РТ","Физическая культура"]
[491348,"401016_16385753907_35","МБОУ \"СОШ №16\" НМР РТ",16385753907,"Ермаков","Матвей","Юрьевич",2,"М","нет",7,7,47,100,null,null,"Шубников Юрий Владимирович","МБОУ \"СОШ №16\" НМР РТ","Физическая культура"]
[491349,"401016_16391799109_35","МБОУ \"СОШ №16\" НМР РТ",16391799109,"Коновалова","Софья","Владимировна",2,"Ж","нет",7,7,48,100,null,null,"Шубников Юрий Владимирович","МБОУ \"СОШ №16\" НМР РТ","Физическая культура"]
[491350,"401016_16388021982_35","МБОУ \"СОШ №16\" НМР РТ",16388021982,"Метелёв","Тимур","Юрьевич",1,"М","нет",7,7,45,100,null,null,"Шубников Юрий Владимирович","МБОУ \"СОШ №16\" НМР РТ","Физическая культура"]
[491351,"401016_15823780386_35","МБОУ \"СОШ №16\" НМР РТ",15823780386,"Носова","Владислава","Максимовна",2,"Ж","нет",7,7,43,100,null,null,"Шубников Юрий Владимирович","МБОУ \"СОШ №16\" НМР РТ","Физическая культура"]
[491352,"401016_15716773896_35","МБОУ \"СОШ №16\" НМР РТ",15716773896,"Писцова","Дарья","Андреевна",0,"Ж","нет",7,7,85,100,null,null,"Шубников Юрий Владимирович","МБОУ \"СОШ №16\" НМР РТ","Физическая культура"]